UEFA Women's Under-19 Championship - Statistics

General Stats
  • This quiz has been taken 7 times
  • The average score is 21 of 22
Answer Stats
Year Answer % Correct
2003 France
100%
2010 France
100%
2013 France
100%
2016 France
100%
2019 France
100%
2000 Germany
100%
2001 Germany
100%
2002 Germany
100%
2006 Germany
100%
2007 Germany
100%
2011 Germany
100%
2008 Italy
100%
2004 Spain
100%
2017 Spain
100%
2018 Spain
100%
1999 Sweden
100%
2012 Sweden
100%
2015 Sweden
100%
2009 England
86%
2014 Netherlands
86%
2005 Russia
86%
1998 Denmark
71%
No matching quizzes found
Score Distribution
Percent of People with Each Score
Percentile by Number Answered
Your Score History
You have not taken this quiz